| 000 | 00717nam a22002057a 4500 | ||
|---|---|---|---|
| 999 |
_c10309 _d10309 |
||
| 003 | AR-CdUCM | ||
| 008 | 190329b ||||| |||| 00| 0 spa d | ||
| 040 |
_aMUNICIPALIDAD PROVINCIAL DEL CUSCO _cBIBLIOTECA MUNICIPAL DEL CUSCO |
||
| 082 |
_a395 / _bD87 / 1900 |
||
| 100 |
_aDufaux, Ermance _927101 |
||
| 245 |
_aEl buen gusto : _bEl trato social y en las ceremonias civiles y religiosas / |
||
| 260 |
_aParis : _bGarnier, _c1900. |
||
| 300 |
_a390 páginas ; _c17 cm. |
||
| 505 | _aContenido : El buen gusto en el trato social -- Consideraciones generales -- La morada -- La familia ... | ||
| 650 |
_aEl buen _927102 |
||
| 650 |
_aTrato _927103 |
||
| 650 |
_aSocial _92020 |
||
| 942 |
_2ddc _cLIBROS |
||
| 945 | _arah | ||